000 01015nam a2200205Ii 4500
003 JO-AjNU
008 230605s9999||||xx |||||||||||||| ||und||
017 _a2006/2/309
040 _aJO-AjNU
_bara
_erda
_cJO-AjNU
041 _aara
050 1 4 _aHF5636.I58312.2004
100 3 _aلجنة معايير المحاسبة الدولية,
_eauthor
_928449
245 0 0 _aالمعايير الدولية لإعداد التقارير المالية : متضمنة معايير المحاسبة الدولية والتفسيرات كما هي في 31 مارس 2004
264 3 1 _aعمان: جمعية المجمع العربي للمحاسبين القانونيين، 2004
300 _a2244ص
336 _atext
_btxt
_2rdacontent
337 _aunmediated
_bn
_2rdamedia
338 _avolume
_bnc
_2rdacarrier
650 4 _aالمحاسبة -- معايير-- التقارير المالية -- معايير-- المحاسبة الدولية -- التقارير المالية -- المحاسبة الدولية
_928450
999 _aA11036
_c14604
_d14604